America's Most Literate Cities (2009) Quiz Stats

 Plays Quiz not verified by Sporcle

Challenge
Share
Tweet
Embed
Score 0/10 Timer 04:00
0 Plays Today
State City % Correct
District of ColumbiaWashington
97.3%
WashingtonSeattle
96.2%
MassachusettsBoston
95.9%
GeorgiaAtlanta
95.5%
Colorado Denver
95.5%
MinnesotaMinneapolis
92.8%
PennsylvaniaPittsburgh
92.8%
OregonPortland
90.8%
MinnesotaSt. Paul
89.7%
OhioCincinnati
83.2%

You're not logged in!

Compare scores with friends on all Sporcle quizzes.
Join for Free
OR
Log In

You Might Also Like...

Show Comments

Extras

Top Quizzes Today


Score Distribution

Your Account Isn't Verified!

In order to create a playlist on Sporcle, you need to verify the email address you used during registration. Go to your Sporcle Settings to finish the process.

Report this User

Report this user for behavior that violates our Community Guidelines.

Details: